Statistics for TOP 10 Countries in: Natural Resources

Click here to take the quiz!

General Stats

  • This quiz has been taken 311 times
  • The average score is 8 of 10

Answer Stats

Natural Resources Worth in Trillion USDCountry% Correct
45.62United States
100%
74.81Russia
97%
23.71China
95%
33.67Canada
93%
21.28Brazil
90%
20.27Australia
82%
33.53Saudi Arabia
80%
28.15Iran
71%
14.94Iraq
56%
14.57Venezuela
48%

Score Distribution

Percentile by Number Answered

Percent of People with Each Score

Your Score History

You have not taken this quiz